| 000 | 01053cam a2200217 4500 | ||
|---|---|---|---|
| 001 | ABS63487 | ||
| 008 | 000000n2001 000 0 eng u | ||
| 035 | _a(Sirsi) u110520 | ||
| 100 | _aEdwards, C. | ||
| 245 | _aInclusion in regeneration: a place for disabled people? | ||
| 260 | _c2001 | ||
| 490 |
_aUrban Studies _v38(2) February 2001, 267-286(20) |
||
| 520 | _aDraws on the results from a questionnaire, which was sent to 200 SRB partnerships, to investigate the involvement of people with disabilities in those partnerships. Comments that, as they are frequently excluded from society, people with disabilities have an important role to play in local regeneration initiatives. Explores the extent, form of and barriers to, disabled people's involvement and consultations in the SRB, challenging the idea that SRB partnerships are fully inclusive. Includes references. | ||
| 590 | _aABS | ||
| 650 | _aINCLUSION | ||
| 650 | _aPEOPLE WITH DISABILITIES | ||
| 650 | _aPARTNERSHIPS | ||
| 650 | _aSRB | ||
| 690 | _aREGENERATION | ||
| 942 | _n0 | ||
| 999 |
_c65879 _d65879 |
||